000 00707nam a2200157 a 4500
008 120416s1991 ||||||||||||||||| || u
050 _aS 496 Dev
100 _aDr
245 1 0 _aDeveloping world agriculture
_cedited by Dr. A. Speedy
260 _aOxford
_bGrosvenor Press International
_c1991
300 _a256p. : ill
350 _a0.00
700 _aSpeedy, A
995 _aKAPASA MAKASA LIBRARY OPEN ACCESS
_D0.00
_e722714
_FCBU-KAPASA MAKASA LIBRARY (Chinsali)
_H2
_I8.95
_jS 496 Dev
_M1
_UAVAILABLE
_y025555
_ZKapasa Makasa Library Open Acess Collection
995 _aMAIN LIBRARY OPEN ACCESS
_D0.00
_e722715
_FCBU-MAIN LIBRARY (Kitwe)
_H1
_I8.95
_jS 496 Dev
_M2
_UAVAILABLE
_y025558
_ZMain Library Open Access Collection
999 _c63484
_d63484